Najlepsi strzelcy Mistrzostw Świata 2022 - Statystyki

Ogólne statystyki
  • Ten quiz został rozwiązany 1 377 razy
  • Średni wynik to 5 z 11
Statystyki odpowiedzi
Liczba bramek Zawodnik % Poprawnych
7 Lionel Messi
99%
8 Kylian Mbappe
96%
4 Olivier Giroud
55%
4 Julian Alvarez
53%
3 Alvaro Morata
31%
3 Richarlison
30%
3 Bukayo Saka
29%
3 Cody Gakpo
29%
3 Enner Valencia
28%
3 Marcus Rashford
22%
3 Goncalo Ramos
18%
Nie znaleziono quizów pasujących do podanych kryteriów
Rozkład punktacji
Procent ludzi z każdym wynikiem
Percentyl według liczby udzielonych odpowiedzi
Twoja historia wyników
Nie rozwiązałeś tego quizu